[Event "European Youth Chess Championship G12"]
[Site "Prague, Top Hotel Prague"]
[Date "2016.08.20"]
[Round "3.26"]
[White "Kuhar, Larisa"]
[Black "Bellahcene, Sofia"]
[Result "0-1"]
[WhiteElo "1378"]
[BlackElo "1603"]
[PlyCount "104"]
[EventDate "2016.08.18"]

1. e4 c5 2. Nf3 Nc6 3. d4 cxd4 4. Nxd4 g6 5. Nc3 Bg7 6. Be3 Nf6 7. Be2 O-O 8.
O-O d5 9. Nxc6 bxc6 10. e5 Ne8 11. f4 f6 12. exf6 Bxf6 13. Bd4 Bf5 14. Bxf6
exf6 15. Kh1 Nd6 16. b3 Be4 17. Bf3 f5 18. Na4 Nb7 19. Qd2 Qd6 20. Rad1 Rad8
21. c3 c5 22. Nb2 Rfe8 23. Nd3 Na5 24. Ne5 Nc6 25. Nxc6 Qxc6 26. Qb2 a5 27. Be2
Rb8 28. Qd2 Red8 29. Qc1 a4 30. bxa4 Qxa4 31. Qd2 Qa3 32. Ra1 Rb2 33. Qc1 Bxg2+
34. Kxg2 Rxe2+ 35. Rf2 Rxf2+ 36. Kxf2 Ra8 37. Qxa3 Rxa3 38. c4 d4 39. Ke2 Kf7
40. Kd2 Ke6 41. Ke2 Kd6 42. Kd2 Kc6 43. Kc2 Rc3+ 44. Kb2 Rxc4 45. a4 Rb4+ 46.
Kc2 Rb6 47. Kd3 Kd5 48. h4 Rb2 49. Rc1 Ra2 50. a5 Rxa5 51. Ke2 c4 52. Kf3 Ra3+
0-1

[Event "European Youth Chess Championship G12"]
[Site "Prague, Top Hotel Prague"]
[Date "2016.08.20"]
[Round "3.27"]
[White "Dvorakova, Olga"]
[Black "Katter, Katharina"]
[Result "1/2-1/2"]
[WhiteElo "1601"]
[BlackElo "1380"]
[PlyCount "99"]
[EventDate "2016.08.18"]

1. e4 e5 2. Nf3 Nc6 3. Bb5 a6 4. Ba4 Nf6 5. d3 b5 6. Bb3 Be7 7. a4 b4 8. Nbd2
O-O 9. Nc4 d6 10. O-O Bg4 11. h3 Be6 12. Be3 Re8 13. Ng5 Rf8 14. f4 exf4 15.
Rxf4 Bxc4 16. Bxc4 d5 17. Bb3 h6 18. Nf3 Bd6 19. e5 Nxe5 20. Nxe5 Bxe5 21. Rxb4
Bxb2 22. Rb1 Qd6 23. Qd2 Ba3 24. Rh4 Qg3 25. Rf4 Bd6 26. Rf3 Qh2+ 27. Kf2 Qe5
28. Re1 Rae8 29. Bxh6 Qxe1+ 30. Qxe1 Rxe1 31. Kxe1 Re8+ 32. Kd1 gxh6 33. Rxf6
Be5 34. Rf1 c6 35. Re1 Kf8 36. Re2 a5 37. Ke1 f6 38. Kf2 Re7 39. Kf3 Kg7 40.
Kg4 Kg6 41. d4 Bd6 42. Rxe7 Bxe7 43. c4 dxc4 44. Bxc4 Bb4 45. Bd3+ Kg7 46. Be4
Bc3 47. d5 cxd5 48. Bxd5 Bb4 49. Kf5 Bd2 50. g4 1/2-1/2

[Event "European Youth Chess Championship G12"]
[Site "Prague, Top Hotel Prague"]
[Date "2016.08.20"]
[Round "3.28"]
[White "Lomaia, Diana"]
[Black "Ruzic, Pia Marie"]
[Result "1-0"]
[WhiteElo "1593"]
[BlackElo "1353"]
[PlyCount "113"]
[EventDate "2016.08.18"]

1. e4 e6 2. d4 d5 3. Nd2 c5 4. exd5 exd5 5. Bb5+ Bd7 6. Qe2+ Qe7 7. Bxd7+ Nxd7
8. dxc5 Nxc5 9. Nb3 Qxe2+ 10. Nxe2 b6 11. Bf4 Nf6 12. O-O Be7 13. Nbd4 O-O 14.
Rad1 Nce4 15. f3 Nc5 16. Rfe1 Nh5 17. Bg3 Nxg3 18. hxg3 Bf6 19. Nc3 Rad8 20.
Kf2 a6 21. Re2 b5 22. a3 g6 23. Na2 Rd6 24. c3 Ne6 25. Nxe6 fxe6 26. Nb4 a5 27.
Nc2 Rb8 28. f4 g5 29. Kf3 Kg7 30. Nd4 Bxd4 31. Rxd4 h6 32. Rd1 Kf6 33. Rh1 Kg6
34. Kg4 gxf4 35. gxf4 b4 36. axb4 axb4 37. Rxe6+ Rxe6 38. f5+ Kf7 39. fxe6+
Kxe6 40. Rxh6+ Ke5 41. Rc6 bxc3 42. bxc3 Ke4 43. Kh4 Rb3 44. g4 d4 45. cxd4
Kxd4 46. Re6 Kd5 47. Re1 Rb4 48. Kh5 Kd6 49. g5 Rb2 50. Kh6 Rh2+ 51. Kg7 Rg2
52. g6 Kd7 53. Kh7 Rh2+ 54. Kg8 Rg2 55. g7 Rg3 56. Re5 Kd6 57. Rh5 1-0

[Event "European Youth Chess Championship G12"]
[Site "Prague, Top Hotel Prague"]
[Date "2016.08.20"]
[Round "3.29"]
[White "Lobanova, Milana"]
[Black "Efendieva, Alina"]
[Result "1-0"]
[WhiteElo "1348"]
[BlackElo "1589"]
[PlyCount "107"]
[EventDate "2016.08.18"]

1. d4 Nf6 2. Nc3 g6 3. e4 d6 4. f3 Bg7 5. Be3 O-O 6. Qd2 Nbd7 7. O-O-O b6 8.
Bh6 c5 9. d5 a6 10. h4 b5 11. h5 b4 12. Nb1 a5 13. hxg6 fxg6 14. Bxg7 Kxg7 15.
Qh6+ Kf7 16. Nh3 Ke8 17. Nf4 Ne5 18. Bb5+ Kf7 19. g4 Rh8 20. Nd3 Nxd3+ 21. Bxd3
Ba6 22. Bxa6 Rxa6 23. Qf4 Ke8 24. e5 dxe5 25. Qxe5 Kf7 26. Rhe1 a4 27. g5 Nh5
28. f4 Rf8 29. f5 Qd6 30. fxg6+ hxg6 31. Rf1+ Ke8 32. Rxf8+ Kxf8 33. Qh8+ Kf7
34. Rf1+ Nf4 35. Qh4 Qxd5 36. Qxf4+ Qf5 37. Qxf5+ gxf5 38. Rxf5+ Kg6 39. Rxc5
Kh5 40. c3 b3 41. axb3 axb3 42. Na3 Rg6 43. Rb5 Rxg5 44. Rxg5+ Kxg5 45. Kd2 Kf4
46. c4 e5 47. Nb5 Ke4 48. Kc3 Kf3 49. c5 e4 50. c6 e3 51. Nd4+ Kf2 52. c7 e2
53. Nxe2 Kxe2 54. c8=Q 1-0

[Event "European Youth Chess Championship G12"]
[Site "Prague, Top Hotel Prague"]
[Date "2016.08.20"]
[Round "3.30"]
[White "Karavitaki, Evaggelia"]
[Black "Maziukaite, Kristina"]
[Result "1/2-1/2"]
[WhiteElo "1581"]
[BlackElo "1323"]
[PlyCount "108"]
[EventDate "2016.08.18"]

1. e4 c6 2. d4 d5 3. Nc3 dxe4 4. Nxe4 Bf5 5. Ng3 Bg6 6. h4 h6 7. Nh3 Nf6 8. Nf4
Bh7 9. c3 e6 10. Bd3 Bxd3 11. Qxd3 Nbd7 12. Bd2 Qc7 13. Qe2 Be7 14. Nfh5 g6 15.
Nf4 Bd6 16. Qf3 O-O-O 17. O-O-O Rde8 18. Nd3 Bxg3 19. fxg3 Qa5 20. Kb1 Qd5 21.
Qe2 Ne4 22. Rh3 Nxd2+ 23. Qxd2 h5 24. Rf1 Ref8 25. Rf2 e5 26. Nb4 Qd6 27. dxe5
Qxe5 28. Nd3 Qe7 29. Rh1 Qd6 30. Qe3 b6 31. Rhf1 Rh7 32. Nf4 Ne5 33. Rd2 Qe7
34. Re2 Re8 35. Rfe1 f6 36. Nd3 Qd7 37. Nxe5 Rxe5 38. Qf3 Rd5 39. Rc2 Re7 40.
Rxe7 Qxe7 41. Rc1 Kb7 42. Rd1 Rxd1+ 43. Qxd1 Qe4+ 44. Kc1 Qxg2 45. Qd7+ Ka6 46.
Qd3+ b5 47. Qxg6 Qf1+ 48. Kd2 Qf2+ 49. Kc1 Qe1+ 50. Kc2 Qe2+ 51. Kc1 Qe1+ 52.
Kc2 Qe2+ 53. Kc1 Qe1+ 54. Kc2 Qe2+ 1/2-1/2

[Event "European Youth Chess Championship G12"]
[Site "Prague, Top Hotel Prague"]
[Date "2016.08.20"]
[Round "3.31"]
[White "Pisova, Petra"]
[Black "Sawhney, Anisha"]
[Result "1-0"]
[WhiteElo "1555"]
[BlackElo "1301"]
[PlyCount "95"]
[EventDate "2016.08.18"]

1. e4 e5 2. Nc3 Nf6 3. Nf3 Nc6 4. Bb5 Nd4 5. Bc4 d6 6. h3 c6 7. d3 b5 8. Bb3 a5
9. a3 Nxb3 10. cxb3 Bb7 11. Bg5 h6 12. Bh4 Be7 13. Bg3 O-O 14. O-O Nh5 15. Bh2
Nf4 16. Bxf4 exf4 17. Rc1 d5 18. exd5 cxd5 19. Nxb5 d4 20. Re1 Bf6 21. a4 g5
22. Nd2 Qd5 23. Ne4 Be5 24. Nc7 Qd7 25. Nxa8 Bxa8 26. Nxg5 Qf5 27. Nf3 Re8 28.
Nxe5 Qg5 29. Qg4 Qxg4 30. Nxg4 Rb8 31. Rc7 Kg7 32. Ree7 Bd5 33. Ne5 Rf8 34. Nf3
Bxb3 35. Nxd4 Bd5 36. Ne6+ Bxe6 37. Rxe6 Kg8 38. Ree7 h5 39. Kf1 Kg7 40. Ke2
Kg6 41. Kf3 Rb8 42. Rb7 Rd8 43. Red7 Rf8 44. Kxf4 f5 45. d4 Re8 46. Re7 Rd8 47.
Rb6+ Rd6 48. Rxd6# 1-0

[Event "European Youth Chess Championship G12"]
[Site "Prague, Top Hotel Prague"]
[Date "2016.08.20"]
[Round "3.32"]
[White "Subjakova, Kristina"]
[Black "Smetisko, Lucija"]
[Result "0-1"]
[WhiteElo "1271"]
[BlackElo "1555"]
[PlyCount "95"]
[EventDate "2016.08.18"]

1. e4 e5 2. Nf3 Nc6 3. d4 exd4 4. Nxd4 Bc5 5. Be3 Qf6 6. Nb5 Bxe3 7. fxe3 Qh4+
8. g3 Qxe4 9. Nxc7+ Kd8 10. Nxa8 Nf6 11. Qd6 Ne8 12. Qf4 Qxh1 13. Nc3 Qxh2 14.
Nd5 Qh5 15. Nac7 Qe5 16. Qxe5 Nxe5 17. Nxe8 Rxe8 18. O-O-O Ng4 19. Re1 b6 20.
e4 Bb7 21. Kd2 Bxd5 22. exd5 Rxe1 23. Kxe1 Ke7 24. Ke2 Kd6 25. c4 Kc5 26. Kd3
Ne5+ 27. Kc3 h6 28. b4+ Kd6 29. Bg2 g6 30. Kd4 f6 31. c5+ Kc7 32. d6+ Kc8 33.
a4 Nf7 34. a5 bxa5 35. bxa5 Nd8 36. Kc4 a6 37. Ba8 h5 38. Kd5 g5 39. Ke4 h4 40.
gxh4 gxh4 41. Kf3 Ne6 42. c6 dxc6 43. Bxc6 Nd4+ 44. Kg4 Nxc6 45. Kxh4 Kd7 46.
Kg4 Kxd6 47. Kf5 Nxa5 48. Kxf6 0-1

[Event "European Youth Chess Championship G12"]
[Site "Prague, Top Hotel Prague"]
[Date "2016.08.20"]
[Round "3.33"]
[White "Bolu, Yagmur"]
[Black "Sild, Marta Pauliine"]
[Result "1/2-1/2"]
[WhiteElo "1510"]
[BlackElo "1239"]
[PlyCount "92"]
[EventDate "2016.08.18"]

1. d4 c5 2. c3 Nf6 3. Bf4 e6 4. e3 Nc6 5. Nf3 d5 6. Nbd2 Be7 7. h3 a6 8. Bd3 h6
9. Bc2 b5 10. O-O O-O 11. dxc5 Bxc5 12. Nb3 Bd6 13. Bxd6 Qxd6 14. Nbd4 Bb7 15.
Nxc6 Bxc6 16. e4 Qc7 17. exd5 Bxd5 18. Qe2 Qb7 19. Rfd1 Rfd8 20. Qe3 Rac8 21.
Bd3 Qc7 22. Ne5 Nd7 23. Nxd7 Qxd7 24. Be4 Qb7 25. Bxd5 Rxd5 26. Rd3 Rcd8 27.
Rad1 Rxd3 28. Rxd3 Rxd3 29. Qxd3 Qd5 30. Qxd5 exd5 31. Kf1 Kf8 32. Ke2 Ke7 33.
Kd3 Ke6 34. Kd4 Kd6 35. f4 g6 36. g3 h5 37. b3 f6 38. g4 h4 39. a3 a5 40. b4 a4
41. Ke3 Ke6 42. Kd4 Kd6 43. Kd3 Kd7 44. Ke3 Ke7 45. Kd4 Kd6 46. g5 f5 1/2-1/2

[Event "European Youth Chess Championship G12"]
[Site "Prague, Top Hotel Prague"]
[Date "2016.08.20"]
[Round "3.36"]
[White "Basovskiy, Jana"]
[Black "Garau, Francesca"]
[Result "0-1"]
[WhiteElo "1488"]
[BlackElo "1621"]
[PlyCount "128"]
[EventDate "2016.08.18"]

1. e4 c6 2. d4 d5 3. exd5 cxd5 4. Bd3 Nf6 5. c3 Nc6 6. Bf4 e6 7. Nf3 Bd6 8. Bg3
O-O 9. O-O a6 10. Re1 Bxg3 11. hxg3 b5 12. Nbd2 b4 13. Nb3 Qb6 14. g4 a5 15. g5
Nd7 16. Nh4 g6 17. Qg4 Nd8 18. Re3 Kg7 19. Rh3 Rh8 20. Re1 a4 21. Nc5 bxc3 22.
Nxd7 Bxd7 23. Qf4 Be8 24. Qf6+ Kg8 25. Nf5 gxf5 26. Bxf5 Qc6 27. Bc2 e5 28.
Qxe5 Qe6 29. g6 Qxe5 30. Rxe5 Bd7 31. gxh7+ Kf8 32. Rxc3 Be6 33. Rg3 f6 34.
Ree3 f5 35. Rh3 f4 36. Rxe6 Nxe6 37. Rh5 Nxd4 38. Bd3 Rd8 39. Rh4 Ne6 40. Rh6
Ng5 41. Rf6+ Ke7 42. Rxf4 Nxh7 43. Rxa4 Nf6 44. Kf1 Ra8 45. Rxa8 Rxa8 46. Bb1
Ne4 47. Ke2 Rb8 48. Bxe4 dxe4 49. b3 Ra8 50. a4 Rb8 51. Ke3 Rxb3+ 52. Kxe4 Ra3
53. f4 Rxa4+ 54. Kf5 Kf7 55. Kg5 Ra8 56. g4 Ke6 57. f5+ Ke7 58. Kg6 Rg8+ 59.
Kh5 Kf6 60. Kh4 Rh8+ 61. Kg3 Kg5 62. Kf3 Rh4 63. f6 Rxg4 64. f7 Rf4+ 0-1

[Event "European Youth Chess Championship G12"]
[Site "Prague, Top Hotel Prague"]
[Date "2016.08.20"]
[Round "3.37"]
[White "Koksa, Jelena"]
[Black "Korenova, Simona"]
[Result "0-1"]
[WhiteElo "1463"]
[BlackElo "1612"]
[PlyCount "120"]
[EventDate "2016.08.18"]

1. e4 c5 2. Nf3 d6 3. d4 cxd4 4. Nxd4 Nf6 5. Nc3 g6 6. Be3 Bg7 7. f3 O-O 8. Qd2
Bd7 9. O-O-O a6 10. Bh6 Nc6 11. Bxg7 Kxg7 12. h4 h5 13. Nxc6 Bxc6 14. Nd5 Bxd5
15. exd5 b5 16. Bd3 Rc8 17. g4 Rc5 18. gxh5 Nxh5 19. Be2 Rh8 20. Qd4+ Nf6 21.
Qf2 Nxd5 22. h5 Qc8 23. Bd3 Nf4 24. h6+ Kh7 25. Qd4 Rxc2+ 26. Kb1 Ne6 27. Qg4
Rc5 28. f4 Nc7 29. f5 Rg8 30. fxg6+ fxg6 31. Bxg6+ Kh8 32. Qd4+ Re5 33. Rhg1
Ne6 34. Qh4 Qf8 35. Rdf1 Qd8 36. Rf7 Nf8 37. Qf4 Nxg6 38. Rxg6 Re1+ 39. Kc2
Qc7+ 40. Kd3 Qc4+ 41. Kd2 Qc1+ 42. Kd3 Qxf4 43. Rxg8+ Kxg8 44. Rxf4 Kh7 45. Rh4
Re6 46. Kd4 Rxh6 47. Rxh6+ Kxh6 48. b4 Kg5 49. Ke4 Kg4 50. a3 Kg5 51. Kd4 Kf4
52. Kd3 e5 53. Kd2 d5 54. Kd1 Kf3 55. Ke1 e4 56. Kf1 d4 57. Ke1 d3 58. Kf1 e3
59. Ke1 e2 60. a4 Ke3 0-1

[Event "European Youth Chess Championship G12"]
[Site "Prague, Top Hotel Prague"]
[Date "2016.08.20"]
[Round "3.38"]
[White "Stastna, Martina"]
[Black "Tryggestad, Linnea Garberg"]
[Result "0-1"]
[WhiteElo "1423"]
[BlackElo "1528"]
[PlyCount "74"]
[EventDate "2016.08.18"]

1. e4 c6 2. d4 d5 3. Nc3 dxe4 4. Nxe4 Bf5 5. Ng3 Bg6 6. h4 h6 7. Nf3 Nd7 8. Bc4
Qc7 9. Be3 e6 10. Qd2 Bd6 11. Ne2 Ngf6 12. Bf4 Ne4 13. Bxd6 Qxd6 14. Qa5 b6 15.
Qa3 Qxa3 16. bxa3 Nd6 17. Bb3 a5 18. a4 Bh5 19. Rh3 Bg4 20. Rg3 h5 21. Nh2 Nf5
22. Rd3 Bxe2 23. Kxe2 Nxh4 24. g3 Ng6 25. Nf3 h4 26. Rh1 hxg3 27. Rxh8+ Nxh8
28. fxg3 c5 29. Ne5 Nxe5 30. dxe5 Rd8 31. Re3 Ng6 32. c3 Ne7 33. Kf3 Nf5 34.
Re1 Rd3+ 35. Kf4 Rxg3 36. Rc1 g5+ 37. Ke4 Re3# 0-1

[Event "European Youth Chess Championship G12"]
[Site "Prague, Top Hotel Prague"]
[Date "2016.08.20"]
[Round "3.39"]
[White "Kasaeva, Sofiia"]
[Black "Scarpa, Alessandra"]
[Result "1-0"]
[WhiteElo "1514"]
[BlackElo "1492"]
[PlyCount "73"]
[EventDate "2016.08.18"]

1. e4 c6 2. d4 d5 3. exd5 cxd5 4. Bd3 Nc6 5. c3 Nf6 6. Bf4 Bg4 7. Qb3 Na5 8.
Qa4+ Bd7 9. Qc2 e6 10. Nf3 Be7 11. O-O O-O 12. Nbd2 Rc8 13. Ne5 Nc6 14. Nxc6
Rxc6 15. Nf3 Nh5 16. Bxh7+ Kh8 17. Be5 Bf6 18. Bd3 g6 19. Bxf6+ Qxf6 20. Ne5
Be8 21. Nxc6 Bxc6 22. Rae1 Nf4 23. Re3 Qe7 24. Rf3 Nxd3 25. Qxd3 Kg7 26. Rh3
Bd7 27. Qe3 Rh8 28. Rxh8 Kxh8 29. Qh6+ Kg8 30. Re1 Qf6 31. h4 Qg7 32. Qg5 Bc6
33. Re3 Kh7 34. h5 Qh6 35. hxg6+ Qxg6 36. Rh3+ Kg7 37. Qd8 1-0

[Event "European Youth Chess Championship G12"]
[Site "Prague, Top Hotel Prague"]
[Date "2016.08.20"]
[Round "3.40"]
[White "Maione, Melissa"]
[Black "Dimitrijevic, Andjela"]
[Result "0-1"]
[WhiteElo "1494"]
[BlackElo "1468"]
[PlyCount "120"]
[EventDate "2016.08.18"]

1. e4 e5 2. Nf3 Nc6 3. d4 exd4 4. Bc4 Bb4+ 5. c3 dxc3 6. O-O Nf6 7. bxc3 Ba5 8.
e5 Ng4 9. Qd5 O-O 10. h3 Nh6 11. Nd4 Nxd4 12. cxd4 c6 13. Qf3 d5 14. Bd3 Qh4
15. Be3 Bb6 16. Qg3 Qxg3 17. fxg3 Bd8 18. Nd2 f6 19. Nf3 Nf5 20. Bf2 fxe5 21.
Nxe5 Bb6 22. Nf3 Bd7 23. g4 Nd6 24. Ne5 Be6 25. a4 Nf7 26. Rae1 Nxe5 27. Rxe5
Rae8 28. Be3 Bf7 29. Rxe8 Rxe8 30. Bf2 g6 31. Ra1 Bc7 32. Rb1 Rb8 33. Kf1 Kf8
34. Ke2 Ke8 35. Be1 Kd7 36. h4 Be6 37. g5 Bg4+ 38. Kd2 b6 39. Kc2 Rf8 40. Kc3
Rb8 41. Rb2 Re8 42. Rb1 Be2 43. Bc2 Bf1 44. g4 Be2 45. h5 Re6 46. Bd1 Bxd1 47.
Rxd1 Re4 48. Bd2 Rxg4 49. hxg6 hxg6 50. Rf1 Bd8 51. Rf7+ Ke6 52. Rg7 Kf5 53.
Rf7+ Ke6 54. Rg7 Bxg5 55. Rxg6+ Kf5 56. Rxc6 Bxd2+ 57. Kxd2 Rxd4+ 58. Kc3 Rxa4
59. Rc7 Rc4+ 60. Rxc4 dxc4 0-1

[Event "European Youth Chess Championship G12"]
[Site "Prague, Top Hotel Prague"]
[Date "2016.08.20"]
[Round "3.41"]
[White "Bilic, Marijana"]
[Black "Popovic, Mateja"]
[Result "1/2-1/2"]
[WhiteElo "1739"]
[BlackElo "1145"]
[PlyCount "147"]
[EventDate "2016.08.18"]

1. e4 e5 2. Nf3 Nc6 3. d4 exd4 4. Nxd4 d6 5. Nc3 Nf6 6. h3 Be7 7. Be3 O-O 8.
Qd2 Bd7 9. O-O-O Ne5 10. Kb1 Re8 11. Nf5 Bc6 12. f3 g6 13. Nh6+ Kg7 14. Ng4
Nexg4 15. hxg4 Kg8 16. Bd4 Bf8 17. Qf2 Bg7 18. Qh4 h6 19. Bc4 Nd7 20. Qh2 Qg5
21. f4 Qxg4 22. Bxg7 Kxg7 23. Qxh6+ Kf6 24. Qh7 Rf8 25. Bd5 Ke7 26. Qh4+ Qxh4
27. Rxh4 Rh8 28. Rdh1 Rhe8 29. Rh7 Rf8 30. Re1 Nf6 31. Rhh1 Kd7 32. Bxc6+ Kxc6
33. a3 Rae8 34. Re2 Re7 35. Rhe1 Rfe8 36. Re3 Kc5 37. R3e2 d5 38. e5 Nd7 39.
Rd2 c6 40. Na4+ Kb5 41. Nc3+ Kb6 42. Rde2 g5 43. fxg5 Rxe5 44. Rxe5 Rxe5 45.
Rxe5 Nxe5 46. Ne2 Kc7 47. Kc1 Kd6 48. Nf4 Ng6 49. Nd3 Ke6 50. Nc5+ Kf5 51. Nxb7
Kxg5 52. Nd8 Ne5 53. Kd2 Kf4 54. Ke2 f5 55. Kf2 Ke4 56. Ne6 Nc4 57. Nc5+ Ke5
58. Nd3+ Kd4 59. Nb4 Kc5 60. Nd3+ Kd6 61. a4 Ne5 62. Nf4 c5 63. Kg3 Nf7 64. Kh4
c4 65. Ng6 d4 66. Nf4 Ke5 67. g3 Ke4 68. Kh5 Kf3 69. Kg6 Nd6 70. Kf6 Ne4+ 71.
Kxf5 Nxg3+ 72. Ke5 c3 73. bxc3 dxc3 74. Kd4 1/2-1/2

[Event "European Youth Chess Championship G12"]
[Site "Prague, Top Hotel Prague"]
[Date "2016.08.20"]
[Round "3.42"]
[White "Guillo, Longares Cecilia"]
[Black "Vavrinkova, Anna"]
[Result "1-0"]
[WhiteElo "1845"]
[BlackElo "1421"]
[PlyCount "125"]
[EventDate "2016.08.18"]

1. d4 d5 2. c4 c6 3. Nc3 Nf6 4. Nf3 e6 5. Bg5 h6 6. Bh4 Be7 7. e3 b6 8. Bd3
Nbd7 9. cxd5 cxd5 10. O-O O-O 11. Rc1 Bb7 12. Bb1 Re8 13. Nb5 Ba6 14. Bxf6 Bxf6
15. Qa4 Bxb5 16. Qxb5 Rc8 17. Rc3 Rxc3 18. bxc3 Qc7 19. Bd3 Rc8 20. g3 Nb8 21.
Rc1 Qc6 22. Qb3 Qd6 23. c4 Nd7 24. Rc2 dxc4 25. Bxc4 Rc7 26. Nd2 Be7 27. Qd3
Qc6 28. Bb3 Qb7 29. Nc4 Qc8 30. Nd2 Rxc2 31. Bxc2 Nf8 32. Nc4 Qa6 33. Qb3 Nd7
34. Bd3 Qc8 35. Qb5 Nf6 36. Ne5 Bd6 37. Nc6 Qb7 38. a4 a6 39. Qc4 Nd5 40. e4
Nc7 41. d5 b5 42. Qb3 exd5 43. exd5 Qb6 44. Bc2 Qc5 45. Qd3 g6 46. axb5 axb5
47. Bb3 b4 48. Kf1 Qc1+ 49. Ke2 Qb2+ 50. Kf1 Qc1+ 51. Kg2 Qc5 52. Nd8 Qb5 53.
Qf3 Qd7 54. Nb7 Be5 55. Qe4 Bc3 56. Nc5 Qd6 57. Qc4 Kg7 58. Ne4 Qe5 59. d6 Ne6
60. d7 Qa5 61. Qc8 Nd8 62. Nd6 Bf6 63. Ne8+ 1-0

[Event "European Youth Chess Championship G12"]
[Site "Prague, Top Hotel Prague"]
[Date "2016.08.20"]
[Round "3.43"]
[White "Di, Maulo Alessandra"]
[Black "Lhotska, Anna"]
[Result "0-1"]
[WhiteElo "1397"]
[BlackElo "1611"]
[PlyCount "68"]
[EventDate "2016.08.18"]

1. e4 c5 2. c3 d5 3. exd5 Qxd5 4. d4 Nf6 5. Nf3 Bg4 6. Be2 e6 7. O-O Be7 8. h3
Bh5 9. Bf4 Nc6 10. Re1 cxd4 11. cxd4 Rd8 12. Nc3 Qa5 13. Bb5 O-O 14. Bxc6 bxc6
15. Be5 c5 16. Ne4 cxd4 17. Nxf6+ Bxf6 18. Bxf6 gxf6 19. Qd3 Bg6 20. Qd1 e5 21.
Nh4 Qb4 22. Nxg6 fxg6 23. b3 Rc8 24. Rc1 Rc3 25. Rxc3 Qxc3 26. Re2 Rc8 27. Re1
d3 28. Qg4 Qxe1+ 29. Kh2 Qc3 30. Qe6+ Kg7 31. Qe7+ Kh6 32. Qxf6 Qd4 33. Qe6
Qf4+ 34. Kg1 Rc1# 0-1

[Event "European Youth Chess Championship G12"]
[Site "Prague, Top Hotel Prague"]
[Date "2016.08.20"]
[Round "3.44"]
[White "Skigelstrand, Live Jorgensen"]
[Black "Datelova, Daniela"]
[Result "1-0"]
[WhiteElo "1525"]
[BlackElo "1340"]
[PlyCount "59"]
[EventDate "2016.08.18"]

1. d4 Nf6 2. c4 g6 3. Nc3 Bg7 4. e4 d6 5. Bd3 c5 6. d5 e6 7. Nge2 exd5 8. exd5
O-O 9. O-O Nbd7 10. f4 a6 11. h3 Rb8 12. Qc2 Re8 13. Ng3 Re7 14. Bd2 Nb6 15. b3
Bd7 16. Rac1 Nc8 17. f5 b5 18. fxg6 hxg6 19. cxb5 axb5 20. Bg5 Qb6 21. Kh1 b4
22. Nd1 Na7 23. Nb2 Rbe8 24. Nc4 Qc7 25. Bxf6 Bxf6 26. Rxf6 Nb5 27. Rff1 Nd4
28. Qd2 Bb5 29. Rce1 Qd8 30. Ne4 1-0

[Event "European Youth Chess Championship G12"]
[Site "Prague, Top Hotel Prague"]
[Date "2016.08.20"]
[Round "3.45"]
[White "Rolinkova, Lucie"]
[Black "Zarebska, Lena"]
[Result "0-1"]
[WhiteElo "1274"]
[BlackElo "1522"]
[PlyCount "76"]
[EventDate "2016.08.18"]

1. e4 c5 2. Nf3 Nc6 3. d4 cxd4 4. Nxd4 g6 5. Be2 Bg7 6. Nb3 Nf6 7. Nc3 O-O 8.
O-O d6 9. Re1 Be6 10. Bf1 a5 11. a4 Rc8 12. Bg5 Ne5 13. h3 Nfd7 14. Kh1 Nc4 15.
Bxc4 Bxc4 16. Qd2 Re8 17. Rad1 Qc7 18. Nd5 Bxd5 19. exd5 f6 20. Bf4 Qxc2 21.
Qxc2 Rxc2 22. Bxd6 Rxb2 23. Nxa5 Kf7 24. Bg3 Rb4 25. Kh2 Rc8 26. Rb1 Rxb1 27.
Rxb1 b6 28. Nb7 Kf8 29. Rd1 Kf7 30. Re1 f5 31. Bd6 Bf6 32. Bg3 Bg5 33. Bd6 Kf8
34. Be5 Nxe5 35. a5 bxa5 36. Nxa5 Rd8 37. Rd1 Bf6 38. f4 Nf7 0-1

[Event "European Youth Chess Championship G12"]
[Site "Prague, Top Hotel Prague"]
[Date "2016.08.20"]
[Round "3.46"]
[White "Deleu, Ellen"]
[Black "Desai, Nilomi"]
[Result "0-1"]
[WhiteElo "1181"]
[BlackElo "1511"]
[PlyCount "108"]
[EventDate "2016.08.18"]

1. d4 c6 2. e4 d5 3. exd5 cxd5 4. Nc3 Nf6 5. Bg5 Nc6 6. Nf3 Bg4 7. Be2 e6 8.
Ne5 Bxe2 9. Nxe2 Be7 10. Nxc6 bxc6 11. c3 O-O 12. Ng3 h6 13. Bxf6 Bxf6 14. Qg4
Kh8 15. Qf3 Rb8 16. b3 Qe7 17. Nh5 Bg5 18. h3 e5 19. O-O exd4 20. cxd4 Qe4 21.
Qxe4 dxe4 22. Rfe1 Rfe8 23. Ng3 e3 24. Nf1 exf2+ 25. Kxf2 Bf6 26. Rxe8+ Rxe8
27. Rd1 Re4 28. d5 Rd4 29. Rxd4 Bxd4+ 30. Kf3 cxd5 31. Ne3 Kg8 32. Nxd5 f6 33.
b4 Kf7 34. a4 Ke6 35. Ke4 Be5 36. Nf4+ Bxf4 37. Kxf4 Kd5 38. Kf5 Kc4 39. b5 Kb4
40. Kg6 Kxa4 41. Kxg7 Kxb5 42. Kxh6 a5 43. h4 a4 44. h5 a3 45. Kg6 a2 46. Kxf6
a1=Q+ 47. Kg6 Qh8 48. g4 Kc6 49. g5 Kd6 50. h6 Ke5 51. h7 Ke6 52. Kh6 Kf5 53.
g6 Qa1 54. h8=Q Qxh8# 0-1

[Event "European Youth Chess Championship G12"]
[Site "Prague, Top Hotel Prague"]
[Date "2016.08.20"]
[Round "3.47"]
[White "Orru`, Giulia"]
[Black "Vozarova, Adriana"]
[Result "0-1"]
[WhiteElo "1134"]
[BlackElo "1500"]
[PlyCount "130"]
[EventDate "2016.08.18"]

1. d4 d5 2. Nf3 c6 3. e3 Nf6 4. Bd3 e6 5. Nbd2 Nbd7 6. O-O Be7 7. Re1 O-O 8. e4
dxe4 9. Nxe4 Nxe4 10. Bxe4 Nf6 11. Bd3 a6 12. Be3 b5 13. Ne5 Bb7 14. Qf3 Nd5
15. Qh3 g6 16. c4 Nxe3 17. fxe3 bxc4 18. Bxc4 c5 19. Rad1 Qc7 20. Qh6 Bf6 21.
Ng4 Bg7 22. Qh4 cxd4 23. exd4 Qxc4 24. Nf6+ Bxf6 25. Qxf6 Qd5 26. Re2 Qxa2 27.
h4 Qd5 28. Rdd2 Qf5 29. Qe7 Qb1+ 30. Kh2 Bd5 31. Qg5 Qf5 32. Qg3 f6 33. Qd6 Qg4
34. Re3 Rfd8 35. Qe7 Qf4+ 36. Rg3 Qxd2 37. Qxf6 Qh6 38. Rh3 Qg7 39. Qf4 Rf8 40.
Qe3 Qf6 41. Qd3 Qf4+ 42. Kh1 Qf1+ 43. Qxf1 Rxf1+ 44. Kh2 Rf2 45. Rc3 Rxg2+ 46.
Kh3 Rf8 47. Ra3 Rf3+ 48. Rxf3 Bxf3 49. b4 Rg4 50. Kh2 Rxh4+ 51. Kg3 Rxd4 52.
Kxf3 Kf7 53. Ke3 e5 54. Ke2 Kf6 55. Ke3 Kf5 56. Kf3 Rf4+ 57. Ke3 Rd4 58. Kf3 h5
59. Kg3 Rf4 60. Kh3 Rg4 61. Kh2 Kf4 62. Kh3 Kf3 63. Kh2 g5 64. Kh1 Kf2 65. Kh2
Rh4# 0-1

[Event "European Youth Chess Championship G12"]
[Site "Prague, Top Hotel Prague"]
[Date "2016.08.20"]
[Round "3.48"]
[White "Burdot, Clara"]
[Black "Marthinussen, Emma Viktoria Li"]
[Result "1-0"]
[WhiteElo "1094"]
[BlackElo "1442"]
[PlyCount "111"]
[EventDate "2016.08.18"]

1. e4 d6 2. d4 Nf6 3. Bd3 g6 4. Nf3 Bg7 5. O-O O-O 6. Bg5 Nbd7 7. Nbd2 c5 8. c3
h6 9. Be3 Ng4 10. Qe2 Nxe3 11. Qxe3 cxd4 12. Nxd4 e5 13. N4f3 Nc5 14. Bc4 Be6
15. Bxe6 Nxe6 16. Rfd1 Qc7 17. Nb3 b6 18. Rd2 Rad8 19. Rad1 f5 20. Ne1 Nc5 21.
Nxc5 dxc5 22. Rxd8 Rxd8 23. Rxd8+ Qxd8 24. exf5 gxf5 25. Qd3 Qg5 26. Qe3 f4 27.
Qe4 Qe7 28. h3 a5 29. Qd5+ Kf8 30. Qc6 Qd8 31. Kf1 Kf7 32. Ke2 Bf6 33. Nf3 Kg6
34. Nxe5+ Kf5 35. Ng4 Qe7+ 36. Kf3 Bg5 37. Qd5+ Kg6 38. Qe4+ Qxe4+ 39. Kxe4 Kf7
40. Ne5+ Ke6 41. f3 b5 42. b3 Bf6 43. Nd3 Kd6 44. c4 bxc4 45. bxc4 Bg5 46. a4
Kc6 47. Nxf4 Kd6 48. Ng6 Ke6 49. f4 Bd8 50. f5+ Kf7 51. Ne5+ Kf6 52. Nd7+ Ke7
53. Nxc5 Kf6 54. g4 Kg7 55. Ne6+ Kf6 56. Nxd8 1-0

[Event "European Youth Chess Championship G12"]
[Site "Prague, Top Hotel Prague"]
[Date "2016.08.20"]
[Round "3.49"]
[White "Belozerova, Olga"]
[Black "Djordjevic, Nevena"]
[Result "0-1"]
[WhiteElo "1070"]
[BlackElo "1431"]
[PlyCount "62"]
[EventDate "2016.08.18"]

1. d4 d5 2. c4 e6 3. Nf3 Nf6 4. Nc3 Be7 5. e3 Nbd7 6. cxd5 exd5 7. Bd3 O-O 8.
O-O c6 9. Ne2 Re8 10. Qc2 Bd6 11. Ng5 Nf8 12. f4 Qc7 13. Rf3 h6 14. Nh3 Bg4 15.
Rg3 Qd7 16. f5 Bxg3 17. Nxg3 Bxh3 18. gxh3 Qe7 19. Bd2 Ne4 20. Rf1 Nxd2 21.
Qxd2 Qxe3+ 22. Qxe3 Rxe3 23. f6 Rxd3 24. fxg7 Ne6 25. Nf5 Rxh3 26. Nd6 Nxg7 27.
Rxf7 Rf8 28. Rxf8+ Kxf8 29. Nxb7 Rd3 30. Na5 Rd1+ 31. Kf2 Rxd4 0-1